|
|
|
|
| LEADER |
01283nam a22003017a 4500 |
| 001 |
37655 |
| 003 |
BD-DhAAL |
| 005 |
20220222095352.0 |
| 008 |
220222t1978 njua b 001 0 eng d |
| 999 |
|
|
|c 43545
|d 43545
|
| 010 |
|
|
|a 78003847
|
| 020 |
|
|
|a 0470263105
|
| 040 |
|
|
|a DLC
|c DLC
|d DLC
|d BD-DhAAL
|
| 050 |
0 |
0 |
|a BF311
|b .H334 vol. 5
|a BF455
|
| 082 |
0 |
0 |
|a 153
|
| 245 |
0 |
0 |
|a Human information processing /
|c edited by W. K. Estes.
|
| 260 |
|
|
|a Hillsdale, N.J. :
|b L. Erlbaum Associates ;
|a New York :
|b distributed by the Halsted Press Division of Wiley,
|c 1978.
|
| 300 |
|
|
|a x, 337 pages :
|b illustrations ;
|c 24 cm.
|
| 490 |
|
|
|a Handbook of learning and cognitive processes ;
|v v. 5
|
| 504 |
|
|
|a Includes bibliographical references and index.
|
| 526 |
|
|
|a BIED
|
| 541 |
|
|
|a Complimentary copy from BIED
|e 37655
|
| 650 |
|
0 |
|a Human information processing.
|9 45942
|
| 700 |
1 |
|
|a Estes, William K.
|q (William Kaye)
|9 45943
|
| 830 |
|
|
|a Handbook of learning and cognitive processes ; v. 5
|9 45944
|
| 852 |
|
|
|a Ayesha Abed Library
|c BIED Collection
|
| 942 |
|
|
|2 ddc
|c BK
|
| 952 |
|
|
|0 0
|1 0
|2 ddc
|4 0
|6 153_000000000000000_HUM
|7 0
|9 69847
|a BRACUL
|b BRACUL
|c GEN
|d 2022-02-22
|e Complimentary copy from BIED
|l 0
|o 153 HUM
|p 3010037655
|r 2022-02-22
|t 1
|w 2022-02-22
|y BK
|x Transferred from BIED to General Stacks
|